000
00161nam a22000857a 4500
082
_a
823
100
_a
SHAUNAK SRIVASTAVA
245
_a
CHANDAMAM STORIES
942
_c
BK
999
_c
8513
_d
8513